00491nam a2200157Ia 4500008004100000020001800041082001500059100004700074245004900121250000800170260004200178300002300220500001900243600002100262650005000283240925s9999 xx 000 0 und d a9789332550513 a005.43 AND aTanenbaum, Andrew S.; Woodhull, Albert S. 0aOperating systems: design and implementation a3rd aNew Delhi:bPearson Educationc,2015. a408p.b0fOriginal aIncludes Index aComputer Science aComputer science, information & general works